000 00290nam a2200109Ia 4500
008 230320s9999||||xx |||||||||||||| ||spa||
082 _a869.5/T73H/v.5
100 _aToro Montalvo, Cesar
245 0 _aHistoria De La Literatura Peruana; Romanticismo
260 _bSAN MARCOS
942 _81
_cLIB
999 _c35284
_d35284